000 00489cam a2200205ua 4500
001 1392
005 20260515113328.0
008 110707n ii |||gr||||Z||||||asm
020 _a81-7339-177-7
040 _cMAIN
082 _a320.5
100 1 _aGogoi, Purandar,
245 1 _aRajnaitik tatva
_cby Purandar Gogoi
250 _a11th.
260 _aDibrugarh:
_bBanalata,
_c2001.
300 _a583p:
_c23cm.
653 _aPolitical Science
653 _apolitical theory
942 _cBK
999 _c1286
_d1286